Clic Ce sont des départements mais aussi... (5) - Statistiques

Statistiques générales
  • Ce quiz a été pris 13 fois
  • Le résultat moyen est 31 sur 50
Statistiques - réponses
Hint Explanation Réponse % Correct
La Manche est une mer située au large de la France VRAI
100%
La Meuse est une commune de la Marne Une ancienne commune de Haute-Marne FAUX
92%
La Loire est un affluent de la Sarthe Le Loir FAUX
92%
Les Landes sont une région d'Allemagne La Lande de Lunebourg au singulier FAUX
92%
La Moselle est un affluent du Rhin VRAI
92%
La Loire est le plus long fleuve de France VRAI
92%
La Savoie est un hebdomadaire VRAI
92%
Le Nord est un point cardinal VRAI
92%
Oise est un prénom mixte FAUX
83%
La Loire est un affluent de la Marne De l'Aisne FAUX
83%
Rhône est un prénom masculin Mais Ron est le diminutif de Ronald FAUX
83%
Le Loiret est un affluent de la Loire VRAI
83%
Paris est un film de Cédric Klapish en 2008 VRAI
83%
Le Jura est un canton suisse VRAI
83%
Le Sarthe est une commune de Meurthe-et-Moselle Il y existe Le Sart du Trieux FAUX
75%
Marne est une commune des Hauts-de-Seine Marnes-la-Coquette existe FAUX
75%
Meuse se trouve dans le nom de 2 départements 1 seul, la Meuse FAUX
75%
Le Nord est une rivière des Pays-Bas Noord FAUX
75%
Le Jura est un massif polonais C'est une région de plateaux FAUX
75%
La Nièvre est un affluent de la Loire VRAI
75%
La Nièvre est une bataille de la guerre de 1870 FAUX
67%
Landes est un vin IGP VRAI
67%
Loiret est une commune du Maine-et-Loire Loiré FAUX
58%
Orne est un héros de bande dessinée Orn FAUX
58%
L'Oise est un affluent de la Marne FAUX
58%
La Marne est une commune nouvelle de la région parisienne Marne-la-Vallée FAUX
58%
Loire est un fabricant d'automobiles Il a existé Loire aviation FAUX
58%
Le Morbihan est une appellation de cidre FAUX
58%
Mayenne est une cité dans La Roue du temps VRAI
58%
Lot est un rameur français Prénommé Philippe VRAI
58%
Savoie est le nom de plusieurs bateaux VRAI
58%
Nord est une île des Seychelles North FAUX
50%
Nord figure dans le nom de 4 états américains 2 : Dakota et Caroline FAUX
50%
Marne est le nom de trois batailles de la 1ère guerre mondiale 2 : en 1914 et en 1918 FAUX
50%
Landes est un fromage IGP FAUX
50%
Paris est un personnage de Star Trek Prénommé Tom VRAI
50%
Le Nord est un quartier de Bruxelles FAUX
42%
Le Morbihan est un poème de Victor Hugo FAUX
42%
Savoie est un chef cuisinier français Savoy prénommé Guy FAUX
42%
La Marne est une rivière d'Australie VRAI
42%
La Manche est une région d'Espagne VRAI
42%
Nord était un navire porte-hydravions VRAI
42%
Landes est un acteur américain Prénommé Michael VRAI
42%
Savoie est une ville du Texas Savoy FAUX
33%
Manche désigne une partie d'une locomotive à vapeur FAUX
33%
Le Morbihan est un général chouan FAUX
33%
La Nièvre est un affluent de la Somme VRAI
33%
La Loire est un affluent de la Corrèze VRAI
25%
Meuse se trouve dans le nom de 2 départements Meurthe-et-Moselle et Moselle VRAI
25%
Lot est un prénom masculin VRAI
25%
Aucun quiz correspondant
Distribution des résultats
% des personnes avec chaque résultat
Percentile par nombre de réponses
Votre historique - résultats
Vous n’avez pas pris ce quiz